000 01214nam a22002897a 4500
001 7038
003 FISKH
005 20250619102356.0
008 250619b cb ||||| |||| 00| 0 eng d
020 _a9781936140404
040 _aFISKH
_beng
_cFISKH
_dFISKH
050 _aPZ7
082 _a793.73
100 _aStickels, Terry
245 _aTough puzzles for smart kids /
_cCreated by Terry Stickels ; illustrations by Steve Harpster
260 _aWater Town :
_bImagine Publishing,
_c2012.
300 _a80 pages :
_bcolor illustrations ;
_c26 cm
505 _aQ
520 _aSmart solvers will have a blast putting together jigsaw-style pieces to create larger shapes, decoding cryptograms to reveal a secret message, and investigating optical illusions. With futoshiki to tackle, wickedly difficult mazes to weave through, and loads of wordplay, this compilation offers hours of satisfaction.
521 8 _a660
_bLexile estimate
521 8 _aQ
_bRaz-Plus
650 _aPuzzles & Brain Teasers
_vWord Play
_xOptical Illusions
650 _vLogic Games
_xCritical Thinking
_ySTEM Activity
700 _aHarpster, Steve
_eillustrator
942 _2ddc
_cBK
_n0
999 _c7038
_d7038